|
|
|
|
| LEADER |
01016cam a2200217 7i4500 |
| 001 |
0000024091 |
| 005 |
20100122090000.0 |
| 090 |
0 |
0 |
|a M 677.025
|b MAL
|
| 110 |
2 |
0 |
|a Malaysian Knitting Manufacturers Association (MKMA)
|
| 245 |
2 |
0 |
|a MKMA member directory 2009-2011 :
|b fabric garment accessories :
|b fabric garment accessories :
|b closely knit together.
|
| 260 |
0 |
0 |
|a Batu Pahat:
|b Malaysian Knitting Manufacturers Association (MKMA),
|c 2009.
|
| 300 |
# |
# |
|a 224 p.
|
| 650 |
0 |
0 |
|a Textile --
|x Directories --
|z Malaysia
|
| 650 |
0 |
0 |
|a Knitting --
|x Directories --
|z Malaysia
|
| 650 |
0 |
0 |
|a Garment industry --
|x Directories --
|z Malaysia
|
| 651 |
0 |
0 |
|a Malaysia
|
| 999 |
|
|
|a JHR000188H
|b Directories
|c Malaysia
|e MATRADE Southern Regional Office
|
| 999 |
|
|
|a PNG000895H
|b Directories
|c Malaysia
|e MATRADE Northern Regional Office
|
| 999 |
|
|
|a SBH000865H
|b Directories
|c Malaysia
|e MATRADE Sabah
|
| 999 |
|
|
|a SRW000292H
|b Directories
|c Malaysia
|e MATRADE Sarawak
|
| 999 |
|
|
|a TRG000177H
|b Directories
|c Malaysia
|e MATRADE Eastern Regional Office
|